Aprendizaje, juego y placer (Record no. 6601)

MARC details
000 -LEADER
campo de control de longitud fija 01058nmc a2200373 a 4500
003 - IDENTIFICADOR DE NÚMERO DE CONTROL
campo de control AR-BaBNM
005 - FECHA Y HORA DE LA ÚLTIMA TRANSACCIÓN
campo de control 20251128204215.0
008 - DATOS DE LONGITUD FIJA--INFORMACIÓN GENERAL
campo de control de longitud fija 011101s1985 ||||||||||||||000 | spa||
020 ## - NÚMERO INTERNACIONAL ESTÁNDAR DEL LIBRO
Número Internacional Estándar del Libro 950-560-029-1
040 ## - FUENTE DE CATALOGACIÓN
Centro/agencia transcriptor AR-BaBNM
100 1# - ENTRADA PRINCIPAL--NOMBRE DE PERSONA
Nombre de persona Langer, Rosa J. de
245 10 - MENCIÓN DEL TÍTULO
Título Aprendizaje, juego y placer
260 ## - PUBLICACIÓN, DISTRIBUCIÓN, ETC.
Lugar de publicación, distribución, etc. Buenos Aires
Nombre del editor, distribuidor, etc. Búsqueda
Fecha de publicación, distribución, etc. 1985
300 0# - DESCRIPCIÓN FÍSICA
Extensión 2 v.
490 #0 - MENCIÓN DE SERIE
Mención de serie Perspectivas
505 ## - NOTA DE CONTENIDO CON FORMATO
Título [Sobre el diagnóstico del problema de aprendizaje]
505 ## - NOTA DE CONTENIDO CON FORMATO
Título [Sobre el tratamiento del problema de aprendizaje]
600 14 - PUNTO DE ACCESO ADICIONAL DE MATERIA--NOMBRE DE PERSONA
Nombre de persona Klein, Melanie
600 14 - PUNTO DE ACCESO ADICIONAL DE MATERIA--NOMBRE DE PERSONA
Nombre de persona Pichon-Rivière, Enrique
600 14 - PUNTO DE ACCESO ADICIONAL DE MATERIA--NOMBRE DE PERSONA
Nombre de persona Jaitin de Langer, Rosa
650 #4 - PUNTO DE ACCESO ADICIONAL DE MATERIA--TÉRMINO DE MATERIA
Término de materia o nombre geográfico como elemento de entrada APRENDIZAJE
650 #4 - PUNTO DE ACCESO ADICIONAL DE MATERIA--TÉRMINO DE MATERIA
Término de materia o nombre geográfico como elemento de entrada PROBLEMAS METODOLOGICOS
650 #4 - PUNTO DE ACCESO ADICIONAL DE MATERIA--TÉRMINO DE MATERIA
Término de materia o nombre geográfico como elemento de entrada JUEGOS EDUCATIVOS
650 #4 - PUNTO DE ACCESO ADICIONAL DE MATERIA--TÉRMINO DE MATERIA
Término de materia o nombre geográfico como elemento de entrada ACTIVIDADES EN GRUPO
650 #4 - PUNTO DE ACCESO ADICIONAL DE MATERIA--TÉRMINO DE MATERIA
Término de materia o nombre geográfico como elemento de entrada TERAPIA
650 #4 - PUNTO DE ACCESO ADICIONAL DE MATERIA--TÉRMINO DE MATERIA
Término de materia o nombre geográfico como elemento de entrada DESARROLLO AFECTIVO
650 #4 - PUNTO DE ACCESO ADICIONAL DE MATERIA--TÉRMINO DE MATERIA
Término de materia o nombre geográfico como elemento de entrada DESARROLLO COGNOSCITIVO
653 #0 - TÉRMINO DE INDIZACIÓN--NO CONTROLADO
Término no controlado CONSTRUCTIVISMO
653 #0 - TÉRMINO DE INDIZACIÓN--NO CONTROLADO
Término no controlado ESTRATEGIAS EDUCATIVAS
653 #0 - TÉRMINO DE INDIZACIÓN--NO CONTROLADO
Término no controlado NINOS DE APRENDIZAJE LENTO
653 #0 - TÉRMINO DE INDIZACIÓN--NO CONTROLADO
Término no controlado PSICOPEDAGOGIA
942 ## - ELEMENTOS DE ENTRADA SECUNDARIOS (KOHA)
Tipo de ítem Koha Libros
998 ## - INFORMACIÓN DE CONTROL LOCAL (RLIN)
Iniciales del catalogador, CIN (RLIN) Carmen
Holdings
Estatus retirado Estado de pérdida Fuente de la clasificación o esquema de estantería Estado de daño No para préstamo Biblioteca de origen Biblioteca actual Fecha de adquisición Total de préstamos Signatura topográfica completa Código de barras Visto por última vez Precio de reemplazo Tipo de ítem Koha Restricciones de uso
    Clasificación Decimal Dewey     Liberty Liberty 28/11/2025   37.015.3 JAI 2 095814 28/11/2025 28/11/2025 Libros  
    Clasificación Decimal Dewey     Liberty Liberty 28/11/2025   37.015.3 JAI 2 095815 28/11/2025 28/11/2025 Libros  
    Clasificación Decimal Dewey     Liberty Liberty 28/11/2025   37.015.3 JAI 2 141734 28/11/2025 28/11/2025 Libros  
    Clasificación Decimal Dewey   No para préstamo Liberty Liberty 28/11/2025   37.015.3 JAI 1 141749 28/11/2025 28/11/2025 Libros Acceso restringido